Nettspend - early life crisis - Statistics

General Stats
  • This quiz has been taken 42 times
  • The average score is 14 of 21
Answer Stats
# early life crisis % Correct
1 you ready?
88%
2 ce
84%
8 masked up
80%
3 pain talk
80%
9 stab
80%
10 halftime
76%
21 lil bieber
76%
4 crack
72%
11 meet me in richmond
72%
14 paris hilton
68%
20 hey, hello
64%
13 <3 me
64%
15 sick
64%
7 trap house 2016
64%
12 no sleep
60%
17 shades on
60%
5 still standing
60%
6 who tf is u
52%
16 cross em out
48%
19 make it bleed
48%
18 plan b
48%
No matching quizzes found
Score Distribution
Percent of People with Each Score
Percentile by Number Answered
Your Score History
You have not taken this quiz